LIBRARY & INFORMATION CENTRE, KCAET, TAVANUR

ONLINE PUBLIC ACCESS CATALOGUE (OPAC)

History of the Engish Language / (Record no. 4041)

MARC details
000 -LEADER
fixed length control field 00302cam a2200121ua 4500
082 ## - DEWEY DECIMAL CLASSIFICATION NUMBER
Classification number 420.09
Item number BAU/HI
100 ## - MAIN ENTRY--AUTHOR NAME
Personal name Baugh, Albert C .
245 ## - TITLE STATEMENT
Title History of the Engish Language /
250 ## - EDITION STATEMENT
Edition statement 1 /
260 ## - PUBLICATION, DISTRIBUTION, ETC. (IMPRINT)
Place of publication Mumbai :
Name of publisher Allied Publishers Pvt Ltd ,
Year of publication 1970.
300 ## - PHYSICAL DESCRIPTION
Number of Pages 506 ; .
942 ## - ADDED ENTRY ELEMENTS (KOHA)
Koha item type Books
Holdings
Withdrawn status Lost status Damaged status Home library Current library Date acquired Full call number Accession Number Koha item type
Withdrawn     KAUAET Sanskrit University 07/04/2012 420.09 13207 Books
free website counter